000 00556nam a2200217Ia 4500
003 OSt
005 20220924134903.0
006 a|||||r|||| 00| 0
007 ta
008 220923b |||||||| |||| 00| 0 ben d
024 _a287656
037 _cTextual
040 _aARTS
_cARTS
_bben
041 _2ben
_aben
082 _aL9D, 157M6
100 _aGongopadhaya Dhirendra Nath
_9209425
245 0 _aKaisor o tar samasya
260 _c1986
942 _hL9D, 157M6
_cTEXL
_2CC
999 _c438938
_d438938